Home Print Resources E-Books E-Journals IIMT Lecture Series Library Membership Form Book Recommendation Form Campus Tour Take AdmissionAbout Us Contact Us

INDIAN ECONOMICS (Record no. 65477)

000 -LEADER
fixed length control field 00326nam a22001457a 4500
008 - FIXED-LENGTH DATA ELEMENTS--GENERAL INFORMATION
fixed length control field 250428b |||||||| |||| 00| 0 eng d
020 ## - ISBN
International Standard Book Number 9789358409994
040 ## - CATALOGING SOURCE
Original cataloging agency IIMT University College of Law
100 ## - MAIN ENTRY--PERSONAL NAME
Personal name MISRA & PURI
245 ## - TITLE STATEMENT
Title INDIAN ECONOMICS
260 ## - PUBLICATION, DISTRIBUTION, ETC. (IMPRINT)
Place of publication, distribution, etc HIMALAYA PUBLISHING HOUSE
300 ## - PHYSICAL DESCRIPTION
Pages 892
650 ## - Subject
Subject ECONOMICS
942 ## - ADDED ENTRY ELEMENTS (KOHA)
Koha item type Reference Book
952 ## - LOCATION AND ITEM INFORMATION (KOHA)
-- 2025-04-28
952 ## - LOCATION AND ITEM INFORMATION (KOHA)
-- 2025-04-28
Holdings
Withdrawn status Lost status Source of classification or shelving scheme Damaged status Not for loan Location (home branch) Sublocation or collection (holding branch) Date acquired Source of Acquisition Cost Normal purchase price Koha issues (times borrowed) Accession No. Koha date last seen Koha item type
          IIMT University College of Law IIMT University College of Law 04/28/2025 SAVERA BOOK DISTRIBUTIORS 898.00   04-B-11870 04/28/2025 Reference Book
          IIMT University College of Law IIMT University College of Law 04/28/2025 SAVERA BOOK DISTRIBUTIORS 898.00   04-B-11871 04/28/2025 Reference Book
IIMT, Central Library. All Rights Reserved IIMT,UNIVERSITY © 2023
Implemented and Customised by I CLOUDE EMS
You Are OPAC Visitor No
free web counter

Powered by Koha